000 01229nam a2200229Ia 4500
001 L235-7415
003 IT-CnALBA
008 170116s9999||||xx |||||||||||||| ||und||
040 _aIT-CnALBA
_cIT-CnALBA
041 _aITALIANO
100 _aCECCATO SAC. PIETRO
245 0 _aALLA SCUOLA DELLA MADONNA.
250 _a1a ed.
260 _a ROMA
_bCENTRO MARIANO MONFORTANO EDIZ.
_c1960 [1° Ed.:1960 - Ed.Ling.Originale: 1960]
300 _a254 p. (prefazione: 56)
500 _aMEDITAZIONI E RIFLESSIONI PER PERSONE DI SPECIALE CONSACRAZIONE. AMORE DI DIO E DEL PROSSIMO. BONTÀ NASCONDIMENTO. RETTA INTENZIONE. OBBEDIENZA. PREGHIERA. SEMPLICITÀ. PUREZZA. MODESTIA PAZIENZA. MANSUETUDINE. SINCERITÀ. CUSTODIA DELLA LINGUA. POVERTÀ DI
501 _aSocietà San Paolo EM - Piazza San Paolo, 14 - 12051 ALBA (CN) (non commercial uses only) ® Copyright 2017
520 _aMEDITAZIONI E RIFLESSIONI PER PERSONE DI SPECIALE CONSACRAZIONE. AMORE DI DIO E DEL PROSSIMO. BONTÀ NASCONDIMENTO. RETTA INTENZIONE. OBBEDIENZA. PREGHIERA. SEMPLICITÀ. PUREZZA. MODESTIA PAZIENZA. MANSUETUDINE. SINCERITÀ. CUSTODIA DELLA LINGUA. POVERTÀ DI
650 _aMARIA SS. ANGELI SANTI DEMONI
942 _cBK
957 _71
999 _a8391
_bNO
_g Copie: 1
_c266597
_d266597